Plus grandes villes de Nouvelle-Zélande - Statistiques

Statistiques générales
  • Ce quiz a été pris 305 fois
  • Le résultat moyen est 4 sur 10
Statistiques - réponses
Population Ville % Correct
381,900 Wellington
99%
417,910 Auckland
98%
363,926 Christchurch
84%
114,347 Dunedin
50%
178,500 Hamilton
39%
110,338 Tauranga
17%
101,194 Lower Hutt
5%
90,100 Hastings
4%
207,865 North Shore
1%
362,000 Manukau City
0%
Aucun quiz correspondant
Distribution des résultats
% des personnes avec chaque résultat
Percentile par nombre de réponses
Votre historique - résultats
Vous n’avez pas pris ce quiz